Statistiques concernant Trouve la référence française

Cliquez ici pour prendre le quiz!

Statistiques générales

  • Ce quiz a été pris 12 fois
  • Le résultat moyen est 2 sur 9

Statistiques - réponses

Réponse% Correct
ah jsuis bieng
60%
t'es gay ou hetero
60%
ça c'est ma fusée
30%
un entonnoir
30%
un menu whopper la pour commencer
20%
c'est quoi ce jus la
10%
poum poum
10%
your mom is a big fish
10%
j'peux pas
0%

Distribution des résultats

Percentile par nombre de réponses

% des personnes avec chaque résultat

Votre développement - résultats

Vous n’avez pas pris ce quiz